Biocomercio: una alternativa para el desarrollo sostenible /

Đã lưu trong:
Chi tiết về thư mục
Tác giả chính: Arias Ramírez, Rafael
Tác giả khác: Murillo Rodríguez, Carlos
Định dạng: Texto
Những chủ đề:
Các nhãn: Thêm thẻ
Không có thẻ, Là người đầu tiên thẻ bản ghi này!

MARC

LEADER 00000 a a2200000 04500
001 3046
003
040
100 |a Arias Ramírez, Rafael  
245 |a Biocomercio:   |b una alternativa para el desarrollo sostenible /  |c Rafael Arias Ramírez ; Carlos Murillo Rodríguez 
650 |a DESARROLLO SOSTENIBLE  
650 |a COMERCIO  
650 |a BIODIVERSIDAD  
650 |a AGRICULTURA ORGANIZCA  
650 |a TURISMO  
650 |a EQUIDAD SOCIAL  
650 |a DESARRLLO  
650 |a INVESTIGACION  
650 |a AMERICA LATINA  
700 |a Murillo Rodríguez, Carlos  
773 |g volumen 26, número 1; páginas 73-90  
999 |c 32235  |d 32235